[Event "Benidorm Bali op-B 20th"]
[Site "Benidorm"]
[Date "2023.12.04"]
[Round "4"]
[White "Clausen, Karl Erik"]
[Black "Lloret Climent, Miguel"]
[Result "0-1"]
[WhiteElo "1918"]
[BlackElo "1954"]
[PlyCount "124"]
[EventDate "2023.12.01"]
[EventType "swiss"]
[EventRounds "9"]
[EventCountry "ESP"]
[SourceTitle "CB51_2023"]
[SourceDate "2023.12.20"]
[SourceVersion "1"]
[SourceVersionDate "2023.12.20"]
[SourceQuality "1"]

1. e3 c5 2. b3 Nc6 3. Bb2 Nf6 4. Nf3 e6 5. Be2 Be7 6. 0-0 0-0 7. d4 b6 8. c4 cxd4 9. Nxd4 Nxd4 10. Qxd4 Bb7 11. Rd1 d6 12. Nd2 e5 13. Qd3 Qc7 14. Qf5 g6 15. Qc2 Nd7 16. Rac1 f5 17. Nb1 f4 18. e4 Nf6 19. f3 Rac8 20. Qd2 g5 21. Ba3 Rcd8 22. Nc3 a6 23. Qe1 Kh8 24. Qf2 Bc6 25. Nd5 Bxd5 26. cxd5 Qd7 27. Qxb6 g4 28. Rc7 Qe8 29. Qa7 Rf7 30. Rdc1 gxf3 31. gxf3 Rg7+ 32. Kh1 Nh5 33. Rg1 Ng3+ 34. hxg3 Qh5+ 35. Kg2 Rxg3+ 36. Kf1 Rxg1+ 37. Qxg1 Rg8 38. Rc8 Qh3+ 39. Ke1 Qxc8 40. Qf2 Qc3+ 41. Kd1 Qa1+ 42. Kc2 Qh1 43. Qa7 Qe1 44. Bxa6 Bf8 45. Qf7 Qf2+ 46. Kc3 Qd4+ 47. Kc2 Bg7 48. Bc4 Qf2+ 49. Kb1 Qxf3 50. Bxd6 Qxe4+ 51. Kc1 f3 52. Bc5 Qe1+ 53. Kc2 e4 54. d6 Qc3+ 55. Kd1 Qa1+ 56. Kc2 Qxa2+ 57. Kd1 Qa1+ 58. Kc2 Qa2+ 59. Kd1 Qb1+ 60. Kd2 Bh6+ 61. Kc3 Qe1+ 62. Kc2 Qc1# 0-1

[Event "La Nucia op 3rd"]
[Site "La Nucia"]
[Date "2022.10.09"]
[Round "1"]
[White "Alvarez Pedraza, Aramis"]
[Black "Clausen, Karl Erik"]
[Result "1-0"]
[WhiteElo "2449"]
[BlackElo "1925"]
[PlyCount "81"]
[EventDate "2022.10.09"]
[EventType "swiss"]
[EventRounds "9"]
[EventCountry "ESP"]
[SourceTitle "CBM 210 Extra"]
[Source "ChessBase"]
[SourceDate "2022.11.30"]
[SourceVersion "1"]
[SourceVersionDate "2022.11.30"]
[SourceQuality "1"]

1. d4 Nf6 2. c4 e6 3. Nc3 Bb4 4. e3 d5 5. Bd2 0-0 6. Nf3 b6 7. Rc1 Bb7 8. cxd5 exd5 9. Bd3 c5 10. 0-0 c4 11. Bb1 Nbd7 12. Ne5 Bxc3 13. Bxc3 b5 14. f3 a5 15. a3 Re8 16. Qe1 Nf8 17. Rd1 Qb6 18. Kh1 Ne6 19. g4 Nf8 20. g5 N6d7 21. Ng4 Ra6 22. Rg1 Kh8 23. Rg3 Qd8 24. f4 Ng6 25. f5 Nf4 26. exf4 Rxe1+ 27. Rxe1 Kg8 28. Rge3 Kf8 29. Rh3 Kg8 30. f6 gxf6 31. Rxh7 fxg5 32. Nh6+ Rxh6 33. Rxh6 Nf8 34. fxg5 Bc8 35. Bd2 Qc7 36. Rf6 Be6 37. g6 Nd7 38. gxf7+ Bxf7 39. Re7 Bh5 40. Bf5 Qd8 41. Be6+ 1-0

[Event "Pfaeffikon Acrevis op 2nd"]
[Site "Pfaeffikon"]
[Date "2022.07.28"]
[Round "1"]
[White "Clausen, Karl Erik"]
[Black "Mohr, Jan"]
[Result "1-0"]
[WhiteElo "1916"]
[BlackElo "1622"]
[PlyCount "63"]
[EventDate "2022.07.28"]
[EventType "swiss"]
[EventRounds "6"]
[EventCountry "SUI"]
[SourceTitle "EXT 2023"]
[Source "ChessBase"]
[SourceDate "2022.10.05"]
[SourceVersion "1"]
[SourceVersionDate "2022.10.05"]
[SourceQuality "1"]

1. b3 d5 2. e3 Nf6 3. Bb2 Nc6 4. Nf3 a6 5. c4 Bg4 6. Be2 e6 7. 0-0 Bd6 8. d3 Qe7 9. a3 Rd8 10. Nbd2 e5 11. Re1 e4 12. Nd4 Bxe2 13. Qxe2 exd3 14. Qxd3 Ne5 15. Qe2 0-0 16. cxd5 Nxd5 17. Nf5 Qe6 18. Nxd6 Qxd6 19. Rad1 Qe6 20. Ne4 Ng6 21. Nc5 Qb6 22. Qc4 c6 23. e4 Nde7 24. Nd7 Qc7 25. Nxf8 Rxf8 26. Qd4 f6 27. a4 Re8 28. Ba3 b5 29. Qd7 Qxd7 30. Rxd7 Nd5 31. Kf1 Nc3 32. Bb2 1-0

[Event "Locarno op 5th"]
[Site "Locarno"]
[Date "2020.10.18"]
[Round "5"]
[White "Lettieri, Giuseppe"]
[Black "Clausen, Karl Erik"]
[Result "1-0"]
[WhiteElo "2436"]
[BlackElo "1864"]
[PlyCount "81"]
[EventDate "2020.10.16"]
[EventType "swiss"]
[EventRounds "5"]
[EventCountry "SUI"]
[SourceTitle "CBM 198 Extra"]
[Source "ChessBase"]
[SourceDate "2020.11.30"]
[SourceVersion "1"]
[SourceVersionDate "2020.11.30"]
[SourceQuality "1"]

1. e4 d5 2. exd5 Qxd5 3. Nc3 Qd6 4. d4 c6 5. Nf3 Bg4 6. h3 Bxf3 7. Qxf3 Nf6 8. Bf4 Qb4 9. 0-0-0 e6 10. Nb5 Na6 11. a3 Qa5 12. Nd6+ Bxd6 13. Bxd6 0-0-0 14. Bh2 Nc7 15. Bc4 Kb8 16. Rhe1 Ka8 17. Qg3 Nce8 18. Qe5 Qxe5 19. dxe5 Nd5 20. Bd3 b5 21. b3 Nec7 22. c4 Nb6 23. Bf4 h6 24. Kc2 Kb7 25. Be3 a6 26. Kc3 Rd7 27. Bc2 Rhd8 28. Rb1 Nc8 29. f4 Ne7 30. g4 f5 31. exf6 gxf6 32. Bc5 h5 33. Rbd1 hxg4 34. Bxe7 Rxd1 35. Bxd1 Rd7 36. Bxf6 gxh3 37. Bc2 Rf7 38. Be5 Ne8 39. Bg6 Rf8 40. Bxe8 Rxe8 41. Rh1 1-0

[Event "Davos Summer op"]
[Site "Davos"]
[Date "2020.07.09"]
[Round "1"]
[White "Clausen, Karl Erik"]
[Black "Karas, Eugenia"]
[Result "1-0"]
[WhiteElo "1907"]
[BlackElo "1464"]
[PlyCount "91"]
[EventDate "2020.07.09"]
[EventType "swiss"]
[EventRounds "5"]
[EventCountry "SUI"]
[SourceTitle "CBM 197 Extra"]
[Source "ChessBase"]
[SourceDate "2020.09.30"]
[SourceVersion "1"]
[SourceVersionDate "2020.09.30"]
[SourceQuality "1"]

1. b3 d5 2. e3 c5 3. Bb2 Nc6 4. Nf3 Nf6 5. Be2 e6 6. 0-0 Be7 7. d4 0-0 8. c4 b6 9. Nc3 Bb7 10. dxc5 bxc5 11. cxd5 exd5 12. Rc1 Nb4 13. a3 Na6 14. Bd3 Nc7 15. Qe2 Ne6 16. Rfd1 Qb6 17. Na4 Qa5 18. Bc3 Qc7 19. Qc2 d4 20. Bxd4 Bxf3 21. gxf3 Nxd4 22. exd4 Qf4 23. dxc5 Qxf3 24. Qe2 Qf4 25. Rc4 Qg5+ 26. Kh1 Rfe8 27. Qf3 Rac8 28. b4 h5 29. Nc3 Ng4 30. Bf5 Ne5 31. Qf4 Nxc4 32. Qxg5 Bxg5 33. Bxc8 Rxc8 34. a4 Nb2 35. Rd7 a6 36. Ne4 Bf4 37. Ra7 f5 38. Nc3 Nd3 39. Nd5 Bg5 40. Rxa6 Rd8 41. c6 Rc8 42. b5 h4 43. Nb6 Rc7 44. Ra8+ Kf7 45. Nd5 h3 46. Kg1 1-0

[Event "Stein am Rhein op 11th"]
[Site "Stein am Rhein"]
[Date "2020.02.09"]
[Round "4"]
[White "Belezky, Alexander"]
[Black "Clausen, Karl Erik"]
[Result "1-0"]
[WhiteElo "2378"]
[BlackElo "1880"]
[PlyCount "89"]
[EventDate "2020.02.07"]
[EventType "swiss"]
[EventRounds "5"]
[EventCountry "SUI"]
[SourceTitle "CBM 195 Extra"]
[Source "ChessBase"]
[SourceDate "2020.05.31"]
[SourceVersion "1"]
[SourceVersionDate "2020.05.31"]
[SourceQuality "1"]

1. Nf3 Nf6 2. d4 e6 3. Nbd2 b6 4. e4 Bb7 5. e5 Ne4 6. Bd3 f5 7. Qe2 Ng5 8. h4 Nf7 9. a3 c5 10. c3 Be7 11. b4 Qc7 12. Bb2 Nc6 13. Kf1 Ncd8 14. Re1 Nh6 15. Nc4 Ndf7 16. Bc1 0-0 17. dxc5 bxc5 18. Na5 Bc8 19. Bg5 Re8 20. Bxe7 Rxe7 21. Rh3 Ng4 22. Rg3 Kf8 23. Rxg4 fxg4 24. Qe4 gxf3 25. Qxa8 fxg2+ 26. Kg1 cxb4 27. cxb4 d5 28. Bxh7 Qc3 29. Re3 Qc1+ 30. Kxg2 Rc7 31. Nb3 Qc4 32. Nc5 Ke7 33. Qb8 Rc6 34. Qxa7+ Kf8 35. Rf3 Qg4+ 36. Rg3 Qxh4 37. Qa8 Rxc5 38. bxc5 Qxh7 39. Qxc8+ Ke7 40. Qc7+ Ke8 41. Rf3 Qg6+ 42. Kf1 Ng5 43. Qc8+ Ke7 44. Qf8+ Kd7 45. Qd6+ 1-0

[Event "Stein am Rhein op 11th"]
[Site "Stein am Rhein"]
[Date "2020.02.07"]
[Round "1"]
[White "Clausen, Karl Erik"]
[Black "Danchishin, Kirill"]
[Result "1-0"]
[WhiteElo "1880"]
[BlackElo "1599"]
[PlyCount "71"]
[EventDate "2020.02.07"]
[EventType "swiss"]
[EventRounds "5"]
[EventCountry "SUI"]
[SourceTitle "CBM 195 Extra"]
[Source "ChessBase"]
[SourceDate "2020.05.31"]
[SourceVersion "1"]
[SourceVersionDate "2020.05.31"]
[SourceQuality "1"]

1. b3 b6 2. Bb2 Bb7 3. e3 Nc6 4. Nf3 e6 5. c4 Nf6 6. d4 d5 7. a3 a5 8. Nc3 Be7 9. Bd3 0-0 10. Rc1 Re8 11. 0-0 h6 12. cxd5 exd5 13. Bb5 Qd6 14. Ne5 Red8 15. Ne4 dxe4 16. Nxc6 Bxc6 17. Bxc6 Rab8 18. h3 b5 19. Qc2 Rb6 20. Bxe4 c5 21. dxc5 Qxc5 22. Qxc5 Bxc5 23. Bxf6 Rxf6 24. Rxc5 Re6 25. Bf5 Rb6 26. Rfc1 g6 27. Rc8 Rxc8 28. Rxc8+ Kg7 29. Bc2 Rd6 30. Rc5 f5 31. Kf1 b4 32. a4 Kf6 33. Ke2 Ra6 34. Bd3 Ra8 35. Rc6+ Kf7 36. Ra6 1-0

[Event "Calvia Amateur op 16th"]
[Site "Calvia"]
[Date "2019.10.12"]
[Round "8"]
[White "Hlavacek, Tomas"]
[Black "Clausen, Karl Erik"]
[Result "1-0"]
[WhiteElo "2157"]
[BlackElo "1920"]
[PlyCount "69"]
[EventDate "2019.10.05"]
[EventType "swiss"]
[EventRounds "9"]
[EventCountry "ESP"]
[SourceTitle "CBM 192 Extra"]
[Source "Chessbase"]
[SourceDate "2019.11.06"]
[SourceVersion "1"]
[SourceVersionDate "2019.11.06"]
[SourceQuality "1"]

1. e4 d5 2. exd5 Qxd5 3. Nc3 Qd6 4. g3 c6 5. Bg2 Nf6 6. Nge2 Bf5 7. 0-0 e6 8. d4 Na6 9. a3 h6 10. b4 Qd7 11. Na4 Rd8 12. Bb2 Be7 13. c4 0-0 14. Qb3 Nc7 15. Rfd1 Qc8 16. Rac1 Qb8 17. Nac3 Rd7 18. a4 Rc8 19. a5 Na6 20. Ba3 b6 21. b5 bxa5 22. Bxe7 Rxe7 23. Qa3 Nb4 24. bxc6 Ree8 25. d5 Bd3 26. Rxd3 Nxd3 27. Rb1 Qe5 28. d6 Red8 29. d7 Rb8 30. Rxb8 Rxb8 31. Qe7 Rb1+ 32. Nxb1 Qxe2 33. d8Q+ Kh7 34. Qxd3+ Qxd3 35. c7 1-0